000 01930nam a22002657i 4500
003 URS
005 20220117090636.0
008 180207b xxu||||| |||| 00| 0 eng d
020 _a9718511539
050 1 4 _aQH 75
_bC7655 2001
111 2 _aNational Seminar-Workshop on the Conservation and Ecological Management of Philippine Lakes
_d(1997 :
_cDiliman, Quezon City, Philippines)
245 1 0 _aConservation and ecological management of Philippine lakes in relation to fisheries and aquaculture :
_bproceedings of the national seminar-workshop held on October 21-23, 1997, INNOTECH, Commonwealth Ave., Diliman, Quezon City, Philippines /
_cC.B. Santiago, M.L. Cuvin-Aralar, and Z.U. Basiao, editors ; sponsors, [Aquaculture Department, Southeast Asian Fisheries Development Center (SEAFDEC/AQD), Philippine Council for Aquatic and Marine Research and Development (PCAMRD), Department of Science and Technology, Department of Agriculture, Bureau of Fisheries and Aquatic Resources (BFAR)].
264 1 _aTigbauan, Iloilo, Philippines :
_bSoutheast Asian Fisheries Development Center, Aquaculture Dept.,
_c© 2001
300 _aii, 187 pages :
_billustrations, maps ;
_c26 cm
336 _2rdacontent
_atext
336 _2rdacontent
_astill image
337 _2rdacontent
_aunmediated
338 _2rdacarrier
_avolume
504 _aIncludes bibliographical references.
524 _aConservation and ecological management of Philippine lakes in relation to fisheries and aquaculture : proceedings of the national seminar-workshop held on October 21-23, 1997, INNOTECH, Commonwealth Ave., Diliman, Quezon City, Philippines. (2001). Tigbauan, Iloilo, Philippines: Southeast Asian Fisheries Development Center, Aquaculture Dept.
650 0 _aEcological management
_xPhilippine lakes
700 1 _aSantiago, C. B.
_q(Corazon B.)
710 2 _aSoutheast Asian Fisheries Development Center.
_bAquaculture Department.
942 _2lcc
_cR
999 _c6041
_d6041